000 01425nam a2200241Ia 4500
003 Ost
005 20260507075749.0
008 260507s9999||||xx |||||||||||||| ||und||
020 _a9789969537376
040 _cfsecg
041 _aara
082 _a332.12
100 _aزواوي، فضيلة
_eمؤلف
245 0 _aالعمليات في البنوك التجارية مع الإشارة للقروض بالتوقيع /
_c فضيلة زواوي
260 _aالجزائر:
_bدار أجيال الرقمي ,
_c2023
300 _a209 صفحة؛
_bإيضاحات ؛
_c24 سم
504 _aبيبليوغرافيا: ص ص194-202
520 _aيضم الكتاب ماهية البنوك التجارية، وظائف البنوك التجارية وأنواعها، أهمية وأهداف وميزانية البنوك التجارية كما يضم القروض البنكية والقروض بالتوقيع والضمان الاحتياطي بالإضافة أنه يتحدث عن الكفالة المصرفية والإعتماد المستندي بأنواعه آلية سيره مع ذكر منافع الاعتماد المستندي، مخاطره والاحتياطات الواجب اتخاذها قبل وبعد فتح الاعتماد.
653 _aالبنوك التجارية
653 _aالبنوك- اعتمادات
653 _aالقروض المصرفية
942 _cكتاب
999 _c46216
_d46216